Sports Quiz

Random Sports or Basketball Quiz
Score 0/10 Timer 10:00
0 Plays Today
Career Years (Teams) Player % Correct
1998-2007/C (LAC/MIN/BOS)Michael Olowokandi
61.1%
2010-2016/C (MIN)Nikola Pekovic
55.6%
2001-2011/C (WAS/OKC/ATL)Etan Thomas
38.9%
2013-Active/C (IND/PHO/MIL/CHO/ATL)Miles Plumlee
38.9%
2006-2010/PF (NJN)Josh Boone
33.3%
1980-1993,1994-1995/C (SEA/SDC-LAC/DAL/NYK/UTA)James Donaldson
27.8%
1996-2002/C (MIN/DEN/MIN/GSW)Dean Garrett
22.2%
2007-2017/C (MIA/BOS/DET/SAS)Joel Anthony
16.7%
1976-1983/PF (NOJ/SAS)Paul Griffin
5.6%
1998-2005,2007-2008/C (SEA/LAL/TOR/CLE/ATL/DEN)Jelani McCoy
5.6%
Remove Ads.
Support Sporcle.
Get the best of Sporcle when you Go Orange. This ad-free experience offers more features, more stats, and more fun while also helping to support Sporcle. Thank you for becoming a member.

You're not logged in!

Compare scores with friends on all Sporcle quizzes.
OR
Log In

Show Comments

Extras

Top Quizzes Today


Score Distribution

Your Account Isn't Verified!

In order to create a playlist on Sporcle, you need to verify the email address you used during registration. Go to your Sporcle Settings to finish the process.

Report this User

Report this user for behavior that violates our Community Guidelines.

Details: